| 000 | 00870nam a22002417a 4500 | ||
|---|---|---|---|
| 003 | OSt | ||
| 005 | 20210220152002.0 | ||
| 008 | 210220b ||||| |||| 00| 0 eng d | ||
| 020 | _a9780979502996 | ||
| 020 | _a0979502993 | ||
| 040 |
_aPHNSL _cPHNSL |
||
| 245 |
_aCore curriculum for medical-surgical nursing / _ceditor, Heather Craven. |
||
| 246 |
_aAMSN, Academy of Medical-Surgical Nurses : _b nurses nurturing nurses |
||
| 250 | _a4th ed. | ||
| 260 |
_aPittman, N.J. : _bAcademy of Medical-Surgical Nurses, _c2009. |
||
| 300 |
_axii, 545 p. : _bill. |
||
| 504 | _aIncludes bibliographical references and index. | ||
| 650 |
_aSurgical nursing. _vNursing. _xPerioperative Nursing - education. |
||
| 650 |
_aCurriculum. _vNursing Assessment. _xNursing Care. |
||
| 700 | _aCraven, Heather. | ||
| 710 | _aAcademy of Medical-Surgical Nurses. | ||
| 942 |
_2lcc _cBK |
||
| 999 |
_c510 _d510 |
||